000 00478nam a22001577a 4500
005 20231030125753.0
008 231030b |||||||| |||| 00| 0 eng d
041 _aEnglish
082 _a347.6 MAY
100 _aMay, HJ
_lEnglish
245 _aSouth African Cases and Statuses on Evidence /
_cHJ May
260 _aCape Town :
_bJuta and Co., Limited,
_c1962
300 _bxxxiv, 400 pages ;
_c26 cm.
650 _alegal practice
_bLaw
942 _cBK
_6ALISON_BN_VRIES
999 _c147
_d147